004020000a22001090004500090001700000245008400017041001400101100004100115942001300156773010600169999001700275 aASbSeriadas10aClave para las familias de Pteriodófitos de las islas de Gorgona y Gorgonilla0 aEspañol1 aMurillo Pulido, María Teresa91390 cARTICULO1 tRevista de la Academia Colombiana de Ciencias Exactas, Fisicas y Naturales332h66q441-444d1990g17 c14232d14232